| 000 | 00481cam a2200181ua 4500 | ||
|---|---|---|---|
| 020 |
_a81-224-1160-6 _cRs 145.00 |
||
| 041 |
_aeng _h |
||
| 082 |
_a530.132 _bLAU/FU |
||
| 100 | _aLaud, B B . | ||
| 245 |
_aFundamentals of statistical mechanics / _cB B Laud. _hTextual Documents |
||
| 260 |
_aNew Delhi : _bNew Age International Ltd , _c1987. |
||
| 300 | _a260 ; . | ||
| 365 | _aRs 145.00 | ||
| 504 | _a | ||
| 942 | _cBK | ||
| 999 |
_c3273 _d3273 |
||